000 00602nam a2200181 a 4500
001 000045838
005 20201002052456.0
008 150519s1981 dr 000 0 spa d
040 _aDO-SdBNP
_bspa
_cBNPHU
082 _axxxx
_bxxxx
245 0 0 _aLineamiento para el estudio de las clases sociales en el Ecuador /
_cAlberto Moreno... [et. al.].
260 _aSanto Domingo :
_bCuaderno de Apoyo a la Docencia,
_c1981.
300 _a39 p. ;
_c21 cm.
700 1 2 _aRutinel, José Ulise
_973912
700 1 2 _aBelmar, Jaime
_973913
700 1 2 _aVillegas, Oswaldo
_973914
700 1 2 _aMoreno, Alberto
_973915
999 _c45327
_d45327